2018 Movies by Screenshot - Statistics

General Stats
  • This quiz has been taken 1,035 times
  • The average score is 14 of 16
Answer Stats
Picture Answer % Correct
Spider-Man: Into the Spider-Verse
99%
Deadpool 2
98%
Black Panther
97%
Jurassic World: Fallen Kingdom
97%
Aquaman
96%
Incredibles 2
96%
Avengers: Infinity War
95%
Venom
95%
Solo: A Star Wars Story
92%
Ant-Man and the Wasp
90%
Mission: Impossible - Fallout
84%
Bohemian Rhapsody
81%
A Quiet Place
65%
Fantastic Beasts: The Crimes of Grindelwald
64%
Ralph Breaks the Internet
63%
Green Book
53%
No matching quizzes found
Score Distribution
Percent of People with Each Score
Percentile by Number Answered
Your Score History
You have not taken this quiz